000 00468nam a2200181Ia 4500
001 19962
005 20260306172731.0
008 260306t2007||||xx |||||||||||||| ||spa||
041 _aESP
082 _a341.9
_bT83 T. 2
100 _aTruyol y Serra, Antonio
_eAUT
245 0 _aHistoria de la filosofĂ­a del derecho y del estado:
_bdel renacimiento a Kant
260 _c2007
300 _a
_c23 cm.
650 _aGEN
654 _aCDE
942 _cLIB
_dJUS
_fJUS
_2ddc
_n
999 _c19962
_d19962